| 000 | 00413nam a22001697a 4500 | ||
|---|---|---|---|
| 003 | NUST - PNEC | ||
| 005 | 20170116180827.0 | ||
| 008 | 150728b xxu||||| |||| 00| 0 eng d | ||
| 020 | _a- | ||
| 040 | _cLIBRARY | ||
| 082 | _a510 KRE | ||
| 100 |
_94457 _aKreyszig, Erwin |
||
| 245 |
_aAdvanced engineering mathematics _cErwin Kreyszig |
||
| 250 | _a5th ed | ||
| 650 |
_94458 _aMathematics _xME |
||
| 942 |
_2ddc _cBK |
||
| 999 |
_c63935 _d63935 |
||